| 000 | 00990nam1a2200301 4500 | ||
|---|---|---|---|
| 001 | RU\NLR\BIBL_A\022658231 | ||
| 005 | 20260426071955.0 | ||
| 035 | _a(NLR Aleph) 022658231 | ||
| 090 |
_a13692622 _c13692622 |
||
| 100 | _a20260426 rusy50 | ||
| 101 | 0 | _arus | |
| 102 | _aRU | ||
| 105 | _a| z ||||| | ||
| 181 | 0 |
_ai _baxxe |
|
| 182 | 0 | _an | |
| 200 | 1 |
_aИстория Отечества _fЛ. Б. Красавцев |
|
| 203 |
_aТекст _bвизуальный _cнепосредственный |
||
| 210 |
_aАрхангельск _cКИРА _d2025- |
||
| 215 | _d22 | ||
| 300 | _aНа 4-й с. обл. авт.: Красавцев Л. Б., д-р ист. наук | ||
| 607 |
_aРоссия _xИстория _91554184 _3RU\NLR\AUTH\66979780 |
||
| 686 | 1 | _aТ3(2)0,02 | |
| 700 | 1 |
_aКрасавцев _bЛ. Б. _f1933- _gЛев Борисович |
|
| 852 |
_aNLR _j2025-5/9537 |
||
| 942 | _cBOOK | ||
| 980 | _aNB | ||